Regulatorní a modelový přístup k úvěrovému riziku v bance

Pokračovanie z č. 3/2002. Prehľad úverových modelov vyvinutých a ponúkaných renomovanými inštitúciami: model CreditMetrics, model KMV, model CreditRisk+. Porovnanie jednotlivých prístupov.

Salvato in:
Dettagli Bibliografici
Autore principale: Kadlčáková, Narcisa
Altri autori: Sůvová, Helena
Natura: Capitolo di libro
Lingua:ceco
Soggetti:
Tags: Aggiungi Tag
Nessun Tag, puoi essere il primo ad aggiungerne!!

MARC

LEADER 00000naa a2200000 4500
001 r045250
005 20231004072539.1
041 0 |a cze 
044 |a CZ 
245 1 0 |a Regulatorní a modelový přístup k úvěrovému riziku v bance  |c Narcisa Kadlčáková, Helena Sůvová 
520 |a Pokračovanie z č. 3/2002. Prehľad úverových modelov vyvinutých a ponúkaných renomovanými inštitúciami: model CreditMetrics, model KMV, model CreditRisk+. Porovnanie jednotlivých prístupov. 
610 2 0 |a riziko úverové 
610 2 0 |a úver bankový 
610 2 0 |a regulácia 
610 2 0 |a kapitál bankový 
610 2 0 |a rating 
610 2 0 |a modely 
100 1 |a Kadlčáková, Narcisa 
700 1 |a Sůvová, Helena